000 00688cab a2200229 4500
001 X2542
008 090401t1995 xxu||||| |||| 00| 0 eng d
035 _a(Sirsi) u24899
041 _aeng
100 _aSloan, B.
245 _aIn search of excellence in learning: the strategic value of computer-assisted learning (CAL)
260 _c1995
350 _a0
490 _aConstruction Management & Economics
_v13(5) September 1995, 435-439(5)
650 _aCAL
650 _aCOMPUTER-ASSISTED LEARNING
650 _aCAREERS, EDUCATION AND TRAINING
650 _aLEARNING
690 _aMANAGEMENT-BUSINESS MANAGEMENT-INFORMATION MANAGEMENT
942 _n0
948 _c04/03/1997
999 _c16700
_d16700